000
00404nam a22001697a 4500
003
MPLRDC
005
20220104144413.0
008
210129b ||||| |||| 00| 0 eng d
082
_a
546.7 XGD c.4
100
_a
许光道著
245
_a
雪华堂风波论争文集
_c
250
_a
初版
260
_a
_b
综合谘询顾问公司
_c
1992
300
_b
平
650
_a
942
_c
BK
_o
546.7 XGD c.4
999
_c
49271
_d
49261